[Event "GER Cup Amateur GrAB 1st"]
[Site "Voelklingen"]
[Date "2000.10.10"]
[Round "5"]
[White "Blasius, Stefan"]
[Black "Wilmes, Marcel"]
[Result "0-1"]
[WhiteElo "1717"]
[BlackElo "1820"]
[PlyCount "76"]
[EventDate "2000.10.??"]
[EventType "swiss"]
[EventRounds "9"]
[EventCountry "GER"]
[SourceTitle "EXT 2004"]
[Source "ChessBase"]
[SourceDate "2003.11.25"]
[SourceVersion "1"]
[SourceVersionDate "2003.11.25"]
[SourceQuality "1"]

1. b4 e6 2. Bb2 Nf6 3. a3 d5 4. e3 c5 5. bxc5 Bxc5 6. Nf3 Nbd7 7. c4 0-0 8. cxd5 Nxd5 9. Nc3 Nxc3 10. Bxc3 Be7 11. d4 b6 12. Bd3 Bb7 13. Qc2 Rc8 14. Bxh7+ Kh8 15. h4 Bxf3 16. gxf3 Qc7 17. Kd2 Qxc3+ 18. Qxc3 Rxc3 19. Kxc3 Kxh7 20. Kd3 Rd8 21. Rac1 a5 22. a4 e5 23. Kc4 exd4 24. exd4 Bf6 25. Rcd1 Rc8+ 26. Kd5 Rd8 27. Ke4 Nb8 28. d5 Na6 29. d6 Nc5+ 30. Kd5 Nxa4 31. Kc6 Nc3 32. Ra1 a4 33. Kxb6 Rxd6+ 34. Kc5 Rd2 35. Rhf1 a3 36. Kb4 a2 37. Kb3 Rd7 38. Kc2 Rb7 0-1

[Event "GER Cup Amateur GrAB 1st"]
[Site "Voelklingen"]
[Date "2000.10.06"]
[Round "1"]
[White "Wilmes, Marcel"]
[Black "Busche, Stefan"]
[Result "1/2-1/2"]
[WhiteElo "1820"]
[BlackElo "2136"]
[PlyCount "89"]
[EventDate "2000.10.??"]
[EventType "swiss"]
[EventRounds "9"]
[EventCountry "GER"]
[SourceTitle "EXT 2004"]
[Source "ChessBase"]
[SourceDate "2003.11.25"]
[SourceVersion "1"]
[SourceVersionDate "2003.11.25"]
[SourceQuality "1"]

1. e4 e5 2. Nf3 Nc6 3. d4 exd4 4. Nxd4 Bc5 5. Nb3 Bb6 6. Be2 d6 7. 0-0 Nge7 8. Nc3 0-0 9. Na4 d5 10. Nxb6 axb6 11. exd5 Qxd5 12. Qxd5 Nxd5 13. c4 Ndb4 14. Bf4 Na6 15. Rfd1 Be6 16. Rd2 Rfd8 17. Rad1 Rxd2 18. Rxd2 Kf8 19. a3 Ke7 20. Nd4 Nxd4 21. Rxd4 Rd8 22. Rxd8 Kxd8 23. Kf1 Nc5 24. b4 Ne4 25. f3 Nf6 26. Ke1 Kd7 27. Kd2 Ne8 28. Kc3 Nd6 29. g4 f6 30. h4 h6 31. Be3 Nf7 32. f4 Nd6 33. f5 Bf7 34. Bd3 Bg8 35. Kd4 Bf7 36. c5 bxc5+ 37. bxc5 Nc8 38. g5 hxg5 39. hxg5 fxg5 40. Bxg5 Ne7 41. Bxe7 Kxe7 42. Ke5 Bb3 43. Be4 b6 44. cxb6 cxb6 45. Bc6 1/2-1/2